|
|
|
|
| LEADER |
00000nas a2200000 i 4500 |
| 001 |
ssj0001077149 |
| 003 |
WaSeSS |
| 005 |
20200512172242.0 |
| 006 |
m d |
| 007 |
cr n |
| 008 |
131218c20uu9999cc q| p|s|||||| |0eng d |
| 035 |
|
|
|a (WaSeSS)ssj0001077149
|
| 040 |
|
|
|a WaSeSS
|b eng
|c WaSeSS
|d WaSeSS
|
| 043 |
|
|
|a a-cc---
|
| 050 |
1 |
4 |
|a DS701
|
| 245 |
0 |
0 |
|a Quarterly journal of Chinese studies
|h [electronic resource].
|
| 260 |
|
|
|a Xiamen, China :
|b Overseas Education College of Xiamen University
|
| 310 |
|
|
|a Quarterly
|
| 506 |
|
|
|a License restrictions may limit access.
|
| 588 |
|
|
|a Description based on: Volume 1, Number 3 (Spring 2013); title from article pdf (ProQuest, viewed Dec. 17, 2013).
|
| 588 |
|
|
|a Latest issue consulted: Volume 2, Number 1 (Autumn 2013) (viewed Dec. 18, 2013).
|
| 651 |
|
0 |
|a China
|x Study and teaching
|v Periodicals.
|
| 655 |
|
0 |
|a Electronic journals.
|
| 776 |
0 |
8 |
|i Print version:
|t Quarterly journal of Chinese studies
|x 2224-2716
|
| 856 |
4 |
0 |
|z Full text available from Research Library: 04/01/2013 to 10/31/2017
|u https://search.proquest.com/publication/2029644
|